[Event "Robecchetto op-B 20th"]
[Site "Robecchetto"]
[Date "2009.12.29"]
[Round "4"]
[White "Testa, Loris"]
[Black "Zito, Riccardo"]
[Result "1/2-1/2"]
[WhiteElo "1841"]
[BlackElo "1728"]
[PlyCount "57"]
[EventDate "2009.12.27"]
[EventType "swiss"]
[EventRounds "6"]
[EventCountry "ITA"]
[SourceTitle "EXT 2023"]
[Source "ChessBase"]
[SourceDate "2022.10.05"]
[SourceVersion "1"]
[SourceVersionDate "2022.10.05"]
[SourceQuality "1"]

1. e4 e6 2. d4 d5 3. exd5 exd5 4. Nf3 Bg4 5. Nc3 c6 6. h3 Bh5 7. g4 Bg6 8. Ne5 Nd7 9. Bf4 Nxe5 10. dxe5 Qb6 11. Bd3 Qxb2 12. Ne2 Bxd3 13. cxd3 Bb4+ 14. Kf1 Ne7 15. Rb1 Qa3 16. Bc1 Qa5 17. a3 Bc5 18. Rxb7 Qa6 19. Rb1 Bb6 20. f4 g6 21. Bb2 c5 22. Rc1 d4 23. Ng3 Nd5 24. Qf3 Ne3+ 25. Ke2 0-0 26. Nf1 Nxf1 27. Rhxf1 Qb5 28. Rb1 Qb3 29. Rfc1 1/2-1/2

[Event "Robecchetto op-B 20th"]
[Site "Robecchetto"]
[Date "2009.12.28"]
[Round "2"]
[White "Testa, Loris"]
[Black "Nastasi, Ivano"]
[Result "1-0"]
[WhiteElo "1841"]
[BlackElo "1722"]
[PlyCount "62"]
[EventDate "2009.12.27"]
[EventType "swiss"]
[EventRounds "6"]
[EventCountry "ITA"]
[SourceTitle "EXT 2023"]
[Source "ChessBase"]
[SourceDate "2022.10.05"]
[SourceVersion "1"]
[SourceVersionDate "2022.10.05"]
[SourceQuality "1"]

1. e4 e5 2. Nf3 Nf6 3. Nc3 Nc6 4. d4 exd4 5. Nxd4 Bb4 6. Nxc6 Bxc3+ 7. bxc3 bxc6 8. Bd3 d5 9. exd5 Qxd5 10. 0-0 0-0 11. c4 Qd6 12. a4 c5 13. Bb2 Ng4 14. g3 Qc6 15. Re1 f5 16. Qe2 Bd7 17. Qe7 Nf6 18. Ba3 Rfe8 19. Qxc5 Rxe1+ 20. Rxe1 Qxa4 21. Bb2 Re8 22. Ra1 Qc6 23. Qxc6 Bxc6 24. Bxf5 Ne4 25. Bd4 Nd2 26. Bg4 g6 27. Be3 Nxc4 28. Rxa7 Nxe3 29. fxe3 Rxe3 30. Rxc7 Re1+ 31. Kf2 Rc1 1-0

[Event "Robecchetto op-B 20th"]
[Site "Robecchetto"]
[Date "2009.12.27"]
[Round "1"]
[White "Marchesotti, Giovanni"]
[Black "Testa, Loris"]
[Result "0-1"]
[WhiteElo "1617"]
[BlackElo "1841"]
[PlyCount "46"]
[EventDate "2009.12.27"]
[EventType "swiss"]
[EventRounds "6"]
[EventCountry "ITA"]
[SourceTitle "EXT 2023"]
[Source "ChessBase"]
[SourceDate "2022.10.05"]
[SourceVersion "1"]
[SourceVersionDate "2022.10.05"]
[SourceQuality "1"]

1. e4 e5 2. Nf3 Nc6 3. Bb5 a6 4. Ba4 Nf6 5. 0-0 Be7 6. Re1 b5 7. Bb3 0-0 8. c3 d5 9. exd5 e4 10. Ng5 Bg4 11. Qc2 Ne5 12. Nxe4 Nxe4 13. Qxe4 Bd6 14. d4 f5 15. Qc2 Nf3+ 16. gxf3 Qh4 17. f4 Bf3 18. Re3 Qg4+ 19. Kf1 Qg2+ 20. Ke1 Qg1+ 21. Kd2 Qxf2+ 22. Kd3 Qf1+ 23. Kd2 Bxf4 0-1

[Event "Vanzaghello op 5th"]
[Site "Vanzaghello"]
[Date "2009.05.08"]
[Round "1"]
[White "Zulkipli, Zaidan"]
[Black "Testa, Loris"]
[Result "0-1"]
[WhiteElo "1975"]
[BlackElo "1792"]
[PlyCount "118"]
[EventDate "2009.05.08"]
[EventType "swiss"]
[EventRounds "5"]
[EventCountry "ITA"]
[SourceTitle "EXT 2011"]
[Source "ChessBase"]
[SourceDate "2010.11.26"]
[SourceVersion "1"]
[SourceVersionDate "2010.11.26"]
[SourceQuality "1"]

1. d4 Nf6 2. c4 g6 3. Nc3 Bg7 4. e4 d6 5. Be2 0-0 6. Nf3 e5 7. 0-0 a5 8. dxe5 dxe5 9. Qxd8 Rxd8 10. Bg5 Re8 11. Rad1 Nc6 12. Nb5 Re7 13. Ne1 h6 14. Be3 Nxe4 15. Bf3 Nf6 16. Bxc6 bxc6 17. Nc3 Ba6 18. b3 Rd7 19. Rxd7 Nxd7 20. Nc2 a4 21. Rd1 axb3 22. axb3 Nf6 23. Nb4 Bb7 24. Na4 Bf8 25. Nc5 Bxc5 26. Bxc5 Ne4 27. Be3 Ra3 28. h4 Rxb3 29. Rd8+ Kg7 30. Nd3 Rb1+ 31. Kh2 Rd1 32. Rb8 Rxd3 33. Rxb7 Rc3 34. Rb4 c5 35. Ra4 Nd6 36. Ra7 Rxc4 37. g3 Nf5 38. Bd2 Rc2 39. Be1 Re2 40. Ra1 Nd4 41. Kh3 Nf3 42. Ba5 Rxf2 43. g4 e4 44. Bxc7 Nd4 45. g5 hxg5 46. hxg5 Rf5 47. Bd8 Ne6 48. Bf6+ Rxf6 49. gxf6+ Kxf6 50. Rf1+ Kg7 51. Kg3 f5 52. Rd1 Kf6 53. Rd5 f4+ 54. Kf2 g5 55. Kg2 g4 56. Kf2 e3+ 57. Ke2 Nd4+ 58. Kf1 f3 59. Rxc5 e2+ 0-1

[Event "Robecchetto op-A 19th"]
[Site "Robecchetto"]
[Date "2008.12.28"]
[Round "3"]
[White "Guzzetti, Luigi Enrico"]
[Black "Testa, Loris"]
[Result "0-1"]
[WhiteElo "1862"]
[BlackElo "1668"]
[PlyCount "70"]
[EventDate "2008.12.27"]
[EventType "swiss"]
[EventRounds "6"]
[EventCountry "ITA"]
[SourceTitle "EXT 2011"]
[Source "ChessBase"]
[SourceDate "2010.11.26"]
[SourceVersion "1"]
[SourceVersionDate "2010.11.26"]
[SourceQuality "1"]

1. e4 d6 2. d4 Nf6 3. Bd3 g6 4. Nf3 Bg7 5. 0-0 0-0 6. h3 Nbd7 7. Be3 c5 8. c3 a6 9. Nbd2 b5 10. b3 Bb7 11. Qe2 Rc8 12. Rac1 Nb6 13. d5 Nbd7 14. Rfd1 Qa5 15. c4 b4 16. Nf1 Qc7 17. Bf4 a5 18. g4 h5 19. N1h2 e5 20. dxe6 fxe6 21. e5 Nd5 22. cxd5 Rxf4 23. exd6 Qxd6 24. dxe6 Ne5 25. Nxe5 Qxe5 26. Qxe5 Bxe5 27. Bxg6 Bd4 28. Rd2 Kf8 29. Rcc2 hxg4 30. Nxg4 Ke7 31. Bf7 Rh8 32. Rd3 Rxg4+ 33. Kf1 Ba6 34. Rcd2 Rxh3 35. Ke2 Re4+ 0-1